| 000 | 01273cad a22002295a 4500 | ||
|---|---|---|---|
| 001 | L153639 | ||
| 008 | 110812s2011 xxkqr p 0 a0eng u | ||
| 035 | _a(Sirsi) u153639 | ||
| 041 | 0 | _aeng | |
| 110 | 2 |
_aEversheds _95261 |
|
| 245 | 0 | 0 |
_aEversheds' developers and construction e-briefing _bspecial report on changes to construction contracts _h[electronic resource] |
| 260 |
_a[S.l.] _bEversheds _c2011 |
||
| 520 | _aSpecial report on changes to construction contracts to come into force on 1 October 2011; looks at who the changes will affect and what is changing, as well as covering the Construction Act. | ||
| 590 | _aKA NTK | ||
| 650 | 2 | 4 | _aHOUSING GRANTS, CONSTRUCTION AND REGENERATION ACT 1996 |
| 650 | 2 | 4 | _aLOCAL DEMOCRACY, ECONOMIC DEVELOPMENT AND CONSTRUCTION ACT 2009 |
| 651 | 4 |
_aEngland and Wales _y1543- |
|
| 690 | _aBUILT ENVIRONMENT-CONSTRUCTION MANAGEMENT-BUILDING CONTRACT ADMINISTRATION | ||
| 690 |
_aProcurement _96260 |
||
| 856 | 4 | 0 |
_uhttps://www.eversheds.com/uk/home/articles/index1.page?ArticleID=templatedata/Eversheds/articles/data/en/Construction_And_Engineering/Eversheds_developers_and_construction_ebriefing_Special_report_on_changes_to_construction_contracts _zView the special report free of charge at www.eversheds.com |
| 942 | _n0 | ||
| 999 |
_c112624 _d112624 |
||